00502 2200193 4500001002100000005001500021035002000036007000300056008004100059020002200100082000800122084001400130100001800144245004800162260004000210300001600250650002100266856002100287INLIS00000000000810520260115033527 a0010-0126000102ta260115 0 ind  a978-979-692-141-6 a005 a005 DEN s0 aDENI DARMAWAN1 aSISTEM INFORMASI MANAJEMEN /cDENI DARMAWAN aBANDUNG :bREMAJA ROSDAKARYA,c2023 a270 ;c25cm 4asistem informasi aSISTEM INFORMASI